Zamana Dağılan Nar (Record no. 202)

000 -LEADER
fixed length control field 00484nam a22001817a 4500
008 - FIXED-LENGTH DATA ELEMENTS--GENERAL INFORMATION
fixed length control field 170613b xxu||||| |||| 00| p tur d
020 ## - INTERNATIONAL STANDARD BOOK NUMBER
International Standard Book Number 9758059394
041 ## - LANGUAGE CODE
Language code of text/sound track or separate title Türkçe
050 ## - LIBRARY OF CONGRESS CALL NUMBER
Classification number PL234.O9446
100 ## - MAIN ENTRY--PERSONAL NAME
9 (RLIN) 265
Personal name Nilay Özer
245 ## - TITLE STATEMENT
Title Zamana Dağılan Nar
Statement of responsibility, etc. Nilay Özer
250 ## - EDITION STATEMENT
Edition statement 1. baskı
260 ## - PUBLICATION, DISTRIBUTION, ETC.
Place of publication, distribution, etc. İstanbul
Name of publisher, distributor, etc. Hera Şiir Kitaplığı
Date of publication, distribution, etc. Aralık 1999
300 ## - PHYSICAL DESCRIPTION
Extent 59 sayfa
500 ## - GENERAL NOTE
General note Şiir 33

2 adet mevcuttur.
650 #0 - SUBJECT ADDED ENTRY--TOPICAL TERM
9 (RLIN) 145
Topical term or geographic name entry element Türk Edebiyatı
942 ## - ADDED ENTRY ELEMENTS (KOHA)
Source of classification or shelving scheme
Koha item type Books
Holdings
Withdrawn status Lost status Source of classification or shelving scheme Damaged status Not for loan Permanent Location Current Location Shelving location Date acquired Full call number Barcode Date last seen Price effective from Koha item type
        Ödünç verilemez İmren Ahmet Tüzün Kütüphanesi İmren Ahmet Tüzün Kütüphanesi Ahmet Tüzün 2017-06-13 PL234.O9446 100100000197 2017-06-13 2017-06-13 Books

This software was implemented, installed and managed by Devinim Software Training Consulting .